000 01458 a2200277 4500
003 Nust
005 20220725170750.0
010 _a 2003050523
020 _a0387001751 (alk. paper)
040 _cNust
082 0 0 _a005.758,BHO
100 1 _aBhowmick, Sourav S.
_995021
245 1 0 _aWeb data management :
_ba warehouse approach /
_cSourav S. Bhowmick, Sanjay K. Madria, Wee Keong Ng.
260 _aNew York :
_bSpringer,
_cc2004.
300 _axxi, 465 p. :
_bill. ;
_c24 cm.
440 0 _aSpringer professional computing
_995022
505 _aIntroduction (Page-1), A Survey Of Web Data Management Systems (Page-17), Node And Link Objects (Page-65), Predicates On Node And Link Objects (Page-93), Imposing Constraints On Hyperlink Structures (Page-127), Query Mechanism For The Web (Page-145), Schemas For Warehouse Data (Page- 207), WHOM-Algebra (Page-251), Web Data Visualization (Page-353), Detecting And Representing Relevant Web Deltas (Page-367), Knowledge Discovery Using Web Bags (Page-389), The Road Ahead (Page- 417).
650 0 _aData warehousing.
_913693
650 0 _aDatabase management.
650 0 _aWeb databases.
_955731
700 1 _aMadria, Sanjay Kumar.
_995023
700 1 _aNg, Wee Keong.
_995024
856 4 2 _3Publisher description
_uhttp://www.loc.gov/catdir/enhancements/fy0817/2003050523-d.html
856 4 2 _3Table of contents only
_uhttp://www.loc.gov/catdir/enhancements/fy0817/2003050523-t.html
942 _cREF
_2ddc
999 _c176821
_d176821